000 00721nam a2200217 i 4500
001 165554
003 ES-MaACL
005 20230906213148.0
008 980707q18871900sp |||| | spa d
040 _aAS
_bspa
_cAS
100 1 _aSonrel, Léon.
_9132819
245 1 3 _aEl fondo del océano /
_csegún L. Sonrel ; traducido del francés por D. G. R. y M.
260 _aMadrid :
_bImprenta de Gaspar , editores,
_c[s.a.]
300 _a222 p. :
_bil. ;
_c18 cm.
490 1 _aBiblioteca científica recreativa
596 _aPalau lo fecha hacia el 1887.
650 4 _aFondo del mar.
_9164089
830 0 _aBiblioteca científica recreativa
_9187913
852 _aES-MaACL
_jD-1293
_z-- Rust.
999 _c165554
_d165554